| 000 | 00833nam a2200265Ia 4500 | ||
|---|---|---|---|
| 003 | OSt | ||
| 005 | 20221005040016.0 | ||
| 006 | a|||||r|||| 00| 0 | ||
| 007 | ta | ||
| 008 | 221004b |||||||| |||| 00| 0 eng d | ||
| 020 |
_a9789385957376 (hbk) _cINR 950.00 |
||
| 024 | _a41371 | ||
| 037 |
_b003, 16/01/2019, Excel Book International _cTextual |
||
| 040 |
_aCRL _cCRL _beng |
||
| 041 |
_2eng _aeng |
||
| 082 | _aW:5.2, Q8 | ||
| 100 |
_aBhavna Suman Au. _9588844 |
||
| 245 | 0 |
_aMapping human rights in India _b NHRC pathway |
|
| 260 |
_aDelhi _bMeena Book Publication India _c2018 |
||
| 300 |
_ax,236p. _ccm. |
||
| 650 | _a POLITICAL SCIENCE | ||
| 650 |
_aHUMAN RIGHTS - INDIA _9437895 |
||
| 942 |
_hW:5.2, Q8 _cTEXL _2cc |
||
| 999 |
_c946220 _d946220 |
||